| 000 | 02092nam a22003617a 4500 | ||
|---|---|---|---|
| 001 | 104024 | ||
| 003 | KnowledgeUnlatched | ||
| 005 | 20210303104909.0 | ||
| 006 | m o d | ||
| 007 | cr u|||||||||| | ||
| 008 | 210129p20172020xx o u00| u eng d | ||
| 037 | _5BiblioBoard | ||
| 245 | 0 | 2 |
_a A Study of Cultural Interaction and Linguistic Contact _bApproaching Chinese Linguistics from the Periphery / _cKeiichi Uchida. |
| 020 | _a9783737006996 | ||
| 024 | 8 | _ahttps://doi.org/10.14220/9783737006996 | |
| 029 | 1 | _ahttps://library.biblioboard.com/ext/api/media/bcb688c3-1c04-4183-9ee9-d3aaf9a29f5b/assets/thumbnail.jpg | |
| 040 |
_aScCtBLL _cScCtBLL |
||
| 100 | 1 |
_aUchida, Keiichi _eauthor. |
|
| 264 | 1 | _bVandenhoeck & Ruprecht, | |
| 300 | _a1 online resource (1 p.) | ||
| 506 | 0 |
_aAccess copy available to the general public. _fUnrestricted _2star |
|
| 520 | _aThis study is an attempt to reorient the field of Chinese linguistics from the perspective of the new field of cultural interaction studies. The author, approaching Chinese linguistics from the periphery, examines such topics as the spread of Western learning and linguistic contact and Westerners' study of Chinese: He studies materials produced by Western missionaries and Ryukyuan materials to show the validity and usefulness of Chinese linguistics in the field of cultural interaction studies. In addition, he looks at cultural interaction through illustrations. | ||
| 588 | 0 | _aDescription based on print version record. | |
| 590 | _aKU Select 2019: HSS Backlist Books | ||
| 650 | 7 |
_aLanguage Arts & Disciplines / Linguistics _2bisacsh |
|
| 650 | 0 | _aLanguage arts | |
| 655 | 0 | _aElectronic books. | |
| 758 |
_iIs found in: _aKnowledge Unlatched _1https://openresearchlibrary.org/module/2774bc74-146a-484f-a7ba-ab1d6a09bbfb |
||
| 856 | 4 | 0 |
_uhttps://openresearchlibrary.org/content/bcb688c3-1c04-4183-9ee9-d3aaf9a29f5b _zView this content on Open Research Library. _70 |
| 999 |
_c32879 _d32879 |
||